000 00684nam a2200229Ia 4500
003 GCL
008 140319s9999 xx 000 0 ara d
020 _a416102977
040 _aGCL /
_cGCL
082 0 4 _aط
_b001.2
_bد ك
100 1 _aمحمد قدرى لطفى
245 1 0 _aكتابك الاول عن : النحل /
_cمحمد قدرى لطفى
700 1 _aكامل منصور
700 1 _aتبتس ، البرت
250 _aالخامسة
260 _aالقاهرة :
_bدار المعارف ،
_c1993
300 _a67 ص ؛
_c24 سم
490 _aكتابك الاول عن
_v10
650 0 4 _aالنحل
650 0 4 _aالنحل- تربية
942 _2ddc
_cBK
999 _c9112
_d9112